|
|
|
|
| LEADER |
00000nab a2200000ua 4500 |
| 001 |
vtls010742181 |
| 003 |
SK-MaSNL |
| 005 |
20260304200406.0 |
| 008 |
250718s1961 xo |||||||||||||||||slo| |
| 035 |
|
|
|a (urnnbn)urn:nbn:sk:snk:ar-a000ix
|
| 035 |
|
|
|a (uuid)1c9cc84e-45c4-482d-9909-ab34cb52aae4
|
| 035 |
|
|
|a urn:nbn:sk:snk-ab4ynf
|
| 040 |
|
|
|a SNKBUCL
|b slo
|c SNKBUCL
|e AACR2
|
| 041 |
0 |
|
|a slo
|
| 044 |
|
|
|a xo
|c SK
|
| 100 |
1 |
|
|a Štefan, Lipták
|4 aut
|9 1132749
|
| 245 |
1 |
0 |
|a Skúsenosti s užívaním materskej kašičky
|c Štefan Lipták
|
| 773 |
0 |
|
|t Včelár : odborný časopis Povereníctva poľnohospodárstva a lesného hospodárstva a Ústredia včelárskych združení na Slovensku
|g Roč. 35, č. 2 (1961), s. 35-36
|
| 850 |
|
|
|a Slovenská národná knižnica
|
| 852 |
|
|
|a Slovenská národná knižnica
|
| 954 |
|
|
|a odborná, vedecká literatúra pôvodná (slovenská)
|2 lita
|
| 958 |
|
|
|a article3
|
| 958 |
|
|
|a OND
|
| 958 |
|
|
|a EUIPO
|
| 999 |
|
|
|c 3087921
|d 3089851
|